01305cam a22002534a 4500020003600000020003500036041000800071082001800079100002000097245006400117260005500181300002700236490003400263505037500297650004300672650002500715650002700740650003600767650003800803856005600841942000700897952013000904999001701034 a0295981253 (cloth : alk. paper) a0295981334 (pbk. : alk. paper) aENG00a729.0917bTAB1 aTabbaa, Yasser,14aThe transformation of Islamic art during the Sunni revival  aSeattle :bUniversity of Washington Press,cc2001. axiii, 210 p. :bill. ;1 aPublications on the Near East8 aMachine generated contents note: Introduction -- The Sunni Retkval -- The Transforration of -- Qur'anic Writing -- The Public Text -- The Girih Mode: Vegetal and -- Geometric Arabesque -- Muqarnas Vaulting and -- Ash'ar Occasionalism -- Stone Muqarnas and -- Other Special Devices -- The Mediation of -- Symbolic Forms -- Notes -- Abbreviations -- Bibliography -- Index. 0aDecoration and ornament, Architectural 0aIslamic architecture 0aArchitecture, Medieval 0aIslamic decoration and ornament 0aDecoration and ornament, Medieval41uhttp://www.loc.gov/catdir/toc/fy032/2001027014.html cBK 00104070aHMIbHMIcGENd2025-06-25eKohinoor Book Distributorg4901.00l0o729.0917 TABp25996r2025-06-25w2025-06-25yBK c23532d23532